| 000 | 00531nam a22001697a 4500 | ||
|---|---|---|---|
| 999 |
_c8324 _d8324 |
||
| 008 | 201113b ||||| |||| 00| 0 eng d | ||
| 040 | _aBMS College of Architecture | ||
| 100 | _aMohita, E | ||
| 245 | _aDerive- travelers haven of subculture | ||
| 300 | _aNA | ||
| 500 | _a1BM15AT026 | ||
| 502 |
_8B,Arch _NBMS College of Architecture, Visvesvaraya Technological University (VTU) _aProject report _d2019 |
||
| 650 | _aHaven of subculture | ||
| 700 |
_aPrathima Reddy _eGuide |
||
| 700 |
_aBhavesh Mehta _eGuide |
||
| 942 |
_2ddc _cTHE |
||